|
003 -Nazwa inst., której nr kontr. jest w polu 001 [,]
|
-
- @
- Nazwa instytucji, której n kontrolny jest w polu 001
- NUKAT
|
|
005 -DATA I CZAS OSTATNIEJ MODYFIKACJI [,]
|
-
- @
- pole kontrolne
- 20241231111120.0
|
|
020 -Międzynarod. znormalizowany nr książki - ISBN [ , ]
|
-
- a
- Numer ISBN
- 838697351X
|
|
040 -Instytucja sporządzająca opis [ , ]
|
-
- a
- Instytucja, która sporządziła opis (NP)
- Ł U/MG
-
- c
- Instytucja, która sporządziła rekord (NP)
- Ł U/MG
-
- d
- Instytucja, która zmodyfikowała rekord (P)
- Ł U/GS
-
- d
- Instytucja, która zmodyfikowała rekord (P)
- WA U/ASO
-
- d
- Instytucja, która zmodyfikowała rekord (P)
- POZN U/HPs
|
|
041 -Język dokumentu [1, ]
|
-
- a
- Język tekstu (P)
- polski
-
- h
- Język tekstu oryginalnego i/lub pośredniego (P)
- niemiecki
-
- h
- Język tekstu oryginalnego i/lub pośredniego (P)
- francuski
|
|
942 -Rodzaj dokumentu [ , ]
|
-
- c
- Rodzaj dokumentu
- Książka
|